[Event "Torquay Morning Boniface op"]
[Site "Torquay"]
[Date "2019.09.03"]
[Round "2"]
[White "Mahoney, Nicholas"]
[Black "Dean, Steve K"]
[Result "1/2-1/2"]
[WhiteElo "1701"]
[BlackElo "1835"]
[PlyCount "25"]
[EventDate "2019.09.02"]
[EventType "swiss"]
[EventRounds "5"]
[EventCountry "ENG"]
[SourceTitle "CBM 195 Extra"]
[Source "ChessBase"]
[SourceDate "2020.05.31"]
[SourceVersion "1"]
[SourceVersionDate "2020.05.31"]
[SourceQuality "1"]

1. d4 d5 2. Nf3 Nf6 3. c4 e6 4. Nc3 c5 5. cxd5 Nxd5 6. e4 Nxc3 7. bxc3 cxd4 8. cxd4 Bb4+ 9. Bd2 Bxd2+ 10. Qxd2 0-0 11. Bd3 Nc6 12. Bc2 Qa5 13. Qxa5 1/2-1/2

[Event "Paignton Morning Boniface op"]
[Site "Torquay"]
[Date "2018.09.04"]
[Round "2"]
[White "Coward, Neil"]
[Black "Dean, Steve K"]
[Result "1/2-1/2"]
[WhiteElo "1760"]
[BlackElo "1835"]
[PlyCount "32"]
[EventDate "2018.09.03"]
[EventType "swiss"]
[EventRounds "5"]
[EventCountry "ENG"]
[SourceTitle "EXT 2021"]
[Source "ChessBase"]
[SourceDate "2020.10.23"]
[SourceVersion "1"]
[SourceVersionDate "2020.10.23"]
[SourceQuality "1"]

1. e4 c6 2. d4 d5 3. Nc3 dxe4 4. Nxe4 Bf5 5. Nc3 e6 6. Nf3 Nd7 7. Bd3 Bg4 8. 0-0 Ngf6 9. h3 Bh5 10. Bg5 Be7 11. Qe2 0-0 12. Nd1 Nd5 13. Bxe7 Qxe7 14. c3 Nf4 15. Qe4 Nxd3 16. Qxd3 Rad8 1/2-1/2

[Event "East Devon op"]
[Site "Exeter"]
[Date "2009.03.08"]
[Round "4"]
[White "Dean, Steve K"]
[Black "Jepps, Gerry N"]
[Result "1/2-1/2"]
[WhiteElo "1752"]
[BlackElo "1920"]
[PlyCount "75"]
[EventDate "2009.03.06"]
[EventType "swiss"]
[EventRounds "5"]
[EventCountry "ENG"]
[SourceTitle "EXT 2011"]
[Source "ChessBase"]
[SourceDate "2010.11.26"]
[SourceVersion "1"]
[SourceVersionDate "2010.11.26"]
[SourceQuality "1"]

1. d4 Nf6 2. Bf4 g6 3. e3 Bg7 4. Nf3 d6 5. h3 0-0 6. Be2 Nbd7 7. 0-0 c5 8. c3 Re8 9. Bh2 Qb6 10. Qb3 Nf8 11. Nbd2 Be6 12. Qxb6 axb6 13. a3 Bd7 14. Nc4 Bb5 15. Rfe1 Bxc4 16. Bxc4 Ne6 17. Bxe6 fxe6 18. Ng5 Ra5 19. Nxe6 Bh6 20. Rad1 Kf7 21. Nf4 b5 22. Nd3 Bg7 23. f3 h5 24. g4 Rh8 25. Bg3 Raa8 26. Kg2 c4 27. Nb4 Rh6 28. e4 Nd7 29. Nd5 e5 30. Re2 exd4 31. cxd4 b4 32. Rc2 Nf8 33. Ne3 h4 34. Bh2 g5 35. Nf5 Re6 36. Ne3 Ree8 37. Nf5 Rad8 38. Bg1 1/2-1/2

[Event "East Devon op"]
[Site "Exeter"]
[Date "2009.03.07"]
[Round "2"]
[White "Dean, Steve K"]
[Black "Dunn, Andrew M"]
[Result "0-1"]
[WhiteElo "1752"]
[BlackElo "1912"]
[PlyCount "51"]
[EventDate "2009.03.06"]
[EventType "swiss"]
[EventRounds "5"]
[EventCountry "ENG"]
[SourceTitle "EXT 2011"]
[Source "ChessBase"]
[SourceDate "2010.11.26"]
[SourceVersion "1"]
[SourceVersionDate "2010.11.26"]
[SourceQuality "1"]

1. d4 Nc6 2. Bf4 e5 3. dxe5 Nge7 4. Nf3 Ng6 5. e3 Bb4+ 6. c3 Bc5 7. Nbd2 Nxf4 8. exf4 d5 9. Nb3 Bb6 10. Bb5 0-0 11. 0-0 Bg4 12. Be2 f6 13. Nfd4 fxe5 14. Nxc6 Bxe2 15. Nxd8 Bxd1 16. Raxd1 Raxd8 17. fxe5 Rf5 18. c4 c5 19. Rfe1 dxc4 20. Rxd8+ Bxd8 21. Nd2 Ba5 22. e6 Kf8 23. e7+ Ke8 24. Nxc4 Bxe1 25. Nd6+ Kxe7 26. Nxf5+ 0-1

[Event "Yeovil op"]
[Site "Yeovil"]
[Date "2008.06.14"]
[Round "3"]
[White "Papier, Alan"]
[Black "Dean, Steve K"]
[Result "1/2-1/2"]
[WhiteElo "1762"]
[BlackElo "1720"]
[PlyCount "57"]
[EventDate "2008.06.13"]
[EventType "swiss"]
[EventRounds "5"]
[EventCountry "ENG"]
[SourceTitle "CBM 125 Extra"]
[Source "ChessBase"]
[SourceDate "2008.09.01"]
[SourceVersion "1"]
[SourceVersionDate "2008.09.01"]
[SourceQuality "1"]

1. d4 d5 2. Nf3 Nf6 3. e3 Bf5 4. c4 c6 5. cxd5 cxd5 6. Qb3 Qb6 7. Qxb6 axb6 8. Bb5+ Nfd7 9. Nc3 e6 10. Na4 Nc6 11. Bd2 Bd6 12. Rc1 Rc8 13. Nh4 Bg6 14. Nxg6 hxg6 15. Ke2 Ke7 16. f4 Rc7 17. h4 Rhc8 18. Nc3 Nf6 19. Kf3 Bb4 20. a3 Bxc3 21. Bxc3 Ne4 22. Bd3 f5 23. h5 gxh5 24. Rxh5 g6 25. Rh7+ Kf6 26. Rxc7 Rxc7 27. Bxe4 fxe4+ 28. Kg4 Na5 29. Rh1 1/2-1/2